000 00241nam a2200097Ia 4500
008 230508s1977 xx 000 0 und d
041 _aeng
100 _aS C MUELD.
245 _aTECHNOLOGY FOR MOTOR MECHANIC.
260 _bEDWARD ARNOLD.
_c1977
999 _c724208
_d724208